[Event "Toronto int."]
[Site "Toronto CAN"]
[Date "1997.05.17"]
[Round "3"]
[White "Vukadinov, Milan"]
[Black "Charbonneau, Pascal"]
[Result "1-0"]
[WhiteElo "2390"]
[BlackElo "2238"]
[PlyCount "91"]
[GameId "2160767911966015"]
[EventDate "1997.05.16"]
[EventType "swiss"]
[EventRounds "7"]
[EventCountry "CAN"]

1. d4 f5 2. Nf3 Nf6 3. g3 e6 4. Bg2 Be7 5. O-O O-O 6. c4 d6 7. b3 Qe8 8. Nc3 a5 9. Qc2 Nc6 10. Bb2 Bd8 11. e4 Nb4 12. Qe2 fxe4 13. Nxe4 Nxe4 14. Qxe4 Rb8 15. a3 Na6 16. Rac1 b6 17. Qe3 Qg6 18. Nd2 Bd7 19. f4 Be7 20. Kh1 Rbe8 21. Qe2 Nb8 22. Be4 Qh6 23. Nf3 Bc6 24. Rce1 Bxe4 25. Qxe4 Bd8 26. Kg2 Nd7 27. Bc1 Qh5 28. h3 Qf5 29. g4 Qxe4 30. Rxe4 d5 31. Re2 Bf6 32. Rfe1 Kf7 33. Rd1 c6 34. a4 Rh8 35. Ba3 g6 36. Bd6 h6 37. Rc2 Rc8 38. Rdc1 c5 39. cxd5 exd5 40. dxc5 bxc5 41. Bxc5 Rb8 42. Bd4 Bxd4 43. Nxd4 Rb4 44. Rd1 Nb6 45. Rc7+ Kf6 46. Rdc1 1-0

[Event "Toronto int."]
[Site "Toronto CAN"]
[Date "1997.05.18"]
[Round "4"]
[White "Nash, Barry"]
[Black "Charbonneau, Pascal"]
[Result "0-1"]
[WhiteElo "2362"]
[BlackElo "2238"]
[PlyCount "82"]
[GameId "2160767911966026"]
[EventDate "1997.05.16"]
[EventType "swiss"]
[EventRounds "7"]
[EventCountry "CAN"]

1. d4 f5 2. g3 Nf6 3. Bg2 e6 4. c4 Be7 5. Nc3 O-O 6. Bg5 d6 7. Nf3 Nc6 8. O-O Qe8 9. Re1 Qf7 10. Bxf6 Bxf6 11. Qd2 e5 12. dxe5 dxe5 13. Nd5 e4 14. Ng5 Bxg5 15. Qxg5 Be6 16. Red1 Rad8 17. Qf4 Bxd5 18. Rxd5 Nd4 19. Bf1 c6 20. Rxd8 Rxd8 21. b3 Qf6 22. Rb1 Ne6 23. Qc1 Qd4 24. Qa3 Kf7 25. Bh3 g6 26. Qb2 Qxb2 27. Rxb2 Rd1+ 28. Bf1 Kf6 29. b4 Ke5 30. e3 Ng5 31. Kg2 Nf3 32. b5 c5 33. Be2 Rg1+ 34. Kh3 Ng5+ 35. Kh4 h6 36. g4 f4 37. exf4+ Kxf4 38. Rb3 Rg2 39. h3 Rxf2 40. Bd1 Rd2 41. Rb1 Rxd1 0-1

[Event "Toronto int."]
[Site "Toronto CAN"]
[Date "1997.05.18"]
[Round "5"]
[White "Charbonneau, Pascal"]
[Black "Rajlich, Vasik"]
[Result "0-1"]
[WhiteElo "2238"]
[BlackElo "2341"]
[PlyCount "88"]
[GameId "2160767911966037"]
[EventDate "1997.05.16"]
[EventType "swiss"]
[EventRounds "7"]
[EventCountry "CAN"]

1. e4 c5 2. Nf3 d6 3. d4 cxd4 4. Nxd4 Nf6 5. Nc3 g6 6. Be3 Bg7 7. f3 O-O 8. Qd2 Nc6 9. O-O-O d5 10. Kb1 Nxd4 11. e5 Ng4 12. Bxd4 Nxe5 13. Qe1 Qd6 14. Nb5 Qb8 15. Qf2 a6 16. Nc3 Be6 17. Bb6 Qd6 18. Be2 Rac8 19. Bd4 b5 20. f4 Nc4 21. Bxg7 Kxg7 22. Qd4+ f6 23. Bxc4 Rxc4 24. Qe3 Rfc8 25. Rhe1 Kf7 26. f5 Bxf5 27. Qh6 g5 28. g4 Bg6 29. Rxd5 Rxc3 30. Rxd6 Rxc2 31. Qxg6+ Kxg6 32. Rxa6 Rxh2 33. Rb6 Rc5 34. b4 Rcc2 35. Rxb5 Rb2+ 36. Kc1 Rxa2 37. Kb1 Rhb2+ 38. Kc1 Re2 39. Rxe2 Rxe2 40. Rb7 e5 41. b5 Rg2 42. b6 Rxg4 43. Rb8 Rb4 44. b7 Kf5 0-1

[Event "Toronto int."]
[Site "Toronto CAN"]
[Date "1997.05.19"]
[Round "6"]
[White "Apostolov, Penka"]
[Black "Charbonneau, Pascal"]
[Result "0-1"]
[WhiteElo "2070"]
[BlackElo "2238"]
[PlyCount "58"]
[GameId "2160767911966053"]
[EventDate "1997.05.16"]
[EventType "swiss"]
[EventRounds "7"]
[EventCountry "CAN"]

1. d4 f5 2. g3 Nf6 3. Bg2 e6 4. Nf3 Be7 5. O-O O-O 6. c4 d6 7. Nc3 a5 8. Qc2 Nc6 9. a3 e5 10. Rd1 e4 11. Ng5 Ng4 12. Nh3 Bf6 13. Be3 Nxe3 14. fxe3 Ne7 15. b4 Bd7 16. Rdb1 axb4 17. axb4 c5 18. Rxa8 Qxa8 19. bxc5 dxc5 20. dxc5 Qa3 21. Qb3 Qxc5 22. Nd5 Nxd5 23. cxd5 b5 24. Nf4 Bg5 25. Kf1 Rc8 26. g4 Qc1+ 27. Qd1 Qxe3 28. Ne6 Bxe6 29. dxe6 Bh4 0-1

[Event "Toronto int."]
[Site "Toronto CAN"]
[Date "1997.05.19"]
[Round "7"]
[White "Charbonneau, Pascal"]
[Black "Vranesic, Zvonko"]
[Result "0-1"]
[WhiteElo "2238"]
[BlackElo "2348"]
[PlyCount "100"]
[GameId "2160767911966070"]
[EventDate "1997.05.16"]
[EventType "swiss"]
[EventRounds "7"]
[EventCountry "CAN"]

1. e4 c5 2. Nf3 e6 3. d3 Nc6 4. g3 g6 5. Bg2 Bg7 6. O-O Nge7 7. Nbd2 O-O 8. Nh4 d6 9. f4 f5 10. c3 Rb8 11. Re1 b5 12. Nhf3 Qc7 13. Qe2 b4 14. e5 bxc3 15. bxc3 d5 16. d4 Qa5 17. Qe3 c4 18. a4 Bd7 19. Ba3 Rb7 20. Bd6 Re8 21. h4 h5 22. Bf1 Nc8 23. Bc5 Bf8 24. Bxf8 Rxf8 25. Ng5 N8e7 26. Be2 Kg7 27. Rec1 Rfb8 28. Bf3 Qd8 29. Qe2 Qe8 30. Rcb1 Na5 31. Rxb7 Rxb7 32. Qd1 Rb2 33. Rb1 Qb8 34. Bxh5 Rxb1 35. Nxb1 gxh5 36. Qxh5 Qg8 37. Nf3 Qf7 38. Qg5+ Kf8 39. h5 Qg7 40. Qh4 Qh6 41. Ng5 Nb7 42. Na3 a6 43. Nc2 Nd8 44. Ne3 Be8 45. g4 fxg4 46. Nxg4 Nf5 47. Qf2 Qxh5 48. Nf6 Qd1+ 49. Kh2 Bxa4 50. Ngh7+ Ke7 0-1

[Event "Laval XIV"]
[Site "Laval CAN"]
[Date "1997.04.12"]
[Round "3"]
[White "Lacroix, Serge"]
[Black "Charbonneau, Pascal"]
[Result "1-0"]
[Annotator "Incomplete"]
[WhiteElo "1983"]
[BlackElo "2177"]
[PlyCount "96"]
[GameId "2160767738923085"]
[EventDate "1997.04.11"]
[EventType "swiss"]
[EventRounds "5"]
[EventCountry "CAN"]
[SourceTitle "Lacroix"]

1. e4 c5 2. Nf3 Nc6 3. d4 cxd4 4. Nxd4 Nf6 5. Nc3 e5 6. Ndb5 d6 7. Bg5 a6 8. Bxf6 gxf6 9. Na3 b5 10. Nd5 f5 11. exf5 Bxf5 12. c3 Be6 13. Qf3 Bg7 14. Bd3 O-O 15. g4 Bxd5 16. Qxd5 Ne7 17. Qe4 Ng6 18. O-O-O d5 19. Qf5 Qc7 20. Bc2 Rad8 21. h4 Qd7 22. Qxd7 Rxd7 23. Bf5 Rd6 24. Nc2 Nf4 25. Kb1 Rfd8 26. Rd2 a5 27. f3 Rb8 28. Rhd1 b4 29. cxb4 axb4 30. Ne3 d4 31. Be4 b3 32. a3 Rc8 33. Nf5 Rd7 34. Rc1 Rxc1+ 35. Kxc1 Bf8 36. Rd1 Bc5 37. Kd2 Bb6 38. Rc1 Ba5+ 39. Kd1 Rc7 40. Rxc7 Bxc7 41. Ne7+ Kg7 42. Nd5 Nxd5 43. Bxd5 Bd8 44. h5 f5 45. gxf5 Kf6 46. Bxb3 Kg5 47. Bc2 h6 48. Ke2 Kxh5 {etc.} 1-0

[Event "CAN-ch U16"]
[Site "Victoria CAN"]
[Date "1997.03.09"]
[Round "1"]
[White "McLean, Nathan"]
[Black "Charbonneau, Pascal"]
[Result "0-1"]
[WhiteElo "1969"]
[BlackElo "2162"]
[PlyCount "60"]
[GameId "2160767911966334"]
[EventDate "1997.03.09"]
[EventType "tourn"]
[EventRounds "9"]
[EventCountry "CAN"]

1. e4 c5 2. Nf3 Nc6 3. Bb5 d6 4. O-O Nf6 5. Re1 Bd7 6. d4 cxd4 7. Nxd4 g6 8. Nc3 Bg7 9. Nxc6 bxc6 10. Ba4 O-O 11. Bg5 Qc7 12. Qd2 Rfd8 13. Rad1 Bg4 14. f3 Bc8 15. e5 Ne8 16. exd6 Rxd6 17. Qe3 Re6 18. Qc5 Be5 19. h3 Bd6 20. Qc4 Qb6+ 21. Kh1 Rxe1+ 22. Rxe1 Be6 23. Qxc6 Qf2 24. Qe4 Bxh3 25. f4 Bxg2+ 26. Qxg2 Qxe1+ 27. Kh2 Rd8 28. Ne4 Bxf4+ 29. Bxf4 Qh4+ 30. Kg1 Rd1+ 0-1

[Event "CAN-ch U16"]
[Site "Victoria CAN"]
[Date "1997.03.10"]
[Round "2"]
[White "Charbonneau, Pascal"]
[Black "Wong, Samuel"]
[Result "1-0"]
[WhiteElo "2162"]
[BlackElo "1881"]
[PlyCount "91"]
[GameId "2160767911966336"]
[EventDate "1997.03.09"]
[EventType "tourn"]
[EventRounds "9"]
[EventCountry "CAN"]

1. e4 c5 2. Nf3 d6 3. Bb5+ Bd7 4. Bxd7+ Nxd7 5. O-O Ngf6 6. Re1 e6 7. c3 Be7 8. d4 Rc8 9. d5 e5 10. c4 a6 11. a4 Qc7 12. Nbd2 h5 13. Nf1 g6 14. Ng5 Nh7 15. Nf3 Qd8 16. g3 Ng5 17. Nxg5 Bxg5 18. f4 Bf6 19. Ra3 h4 20. Qg4 hxg3 21. hxg3 exf4 22. gxf4 Bd4+ 23. Kg2 Qh4 24. Qxh4 Rxh4 25. a5 Kd8 26. e5 Kc7 27. e6 fxe6 28. dxe6 Nb8 29. Rg3 Rhh8 30. Rxg6 Rhg8 31. Rxg8 Rxg8+ 32. Kf3 Nc6 33. Ne3 Ne7 34. Nd5+ Nxd5 35. cxd5 Kd8 36. b3 Ke7 37. Bd2 Bf6 38. Rh1 Rg7 39. Rh8 Rg3+ 40. Kxg3 Bxh8 41. f5 Kf8 42. Kg4 Bf6 43. Bf4 Be7 44. Bg5 Ke8 45. f6 Bf8 46. f7# 1-0

[Event "CAN-ch U16"]
[Site "Victoria CAN"]
[Date "1997.03.10"]
[Round "3"]
[White "Golts, Roman"]
[Black "Charbonneau, Pascal"]
[Result "0-1"]
[WhiteElo "2296"]
[BlackElo "2162"]
[PlyCount "108"]
[GameId "2160767911966342"]
[EventDate "1997.03.09"]
[EventType "tourn"]
[EventRounds "9"]
[EventCountry "CAN"]

1. e4 c5 2. Nf3 Nc6 3. d4 cxd4 4. Nxd4 Nf6 5. Nc3 e5 6. Nf3 Bb4 7. Bd2 Bxc3 8. Bxc3 Nxe4 9. Qd3 Nxc3 10. Qxc3 O-O 11. O-O-O Qe7 12. Bc4 d6 13. Rd2 Be6 14. Rhd1 Rfd8 15. Bxe6 fxe6 16. Qa3 e4 17. Nd4 Nxd4 18. Rxd4 Qg5+ 19. Kb1 d5 20. Qh3 Qf6 21. c4 Qg6 22. Ka1 Qf7 23. Qh4 Rd7 24. a3 h6 25. cxd5 exd5 26. Qg3 Kh7 27. R1d2 Rc8 28. Qb3 Rc5 29. Ka2 Qe6 30. f3 Re7 31. Re2 Rc4 32. Rexe4 dxe4 33. Qxc4 e3 34. Qxe6 Rxe6 35. Rd1 Kg6 36. Kb1 Kf5 37. Kc2 Rc6+ 38. Kd3 Kf4 39. b3 Rb6 40. Ke2 Rxb3 41. g3+ Ke5 42. Rd3 Rxd3 43. Kxd3 e2 44. Kxe2 Kd4 45. a4 b6 46. Kd2 a6 47. Kc2 b5 48. axb5 axb5 49. Kb3 Ke3 50. f4 Kf3 51. Kb4 Kg2 52. Kxb5 Kxh2 53. g4 Kg3 54. g5 Kxf4 0-1

[Event "CAN-ch U16"]
[Site "Victoria CAN"]
[Date "1997.03.11"]
[Round "4"]
[White "Charbonneau, Pascal"]
[Black "Zugic, Igor"]
[Result "1-0"]
[WhiteElo "2162"]
[BlackElo "2352"]
[PlyCount "119"]
[GameId "2160767911966347"]
[EventDate "1997.03.09"]
[EventType "tourn"]
[EventRounds "9"]
[EventCountry "CAN"]

1. e4 e6 2. d3 c5 3. Nf3 Nc6 4. g3 g6 5. Bg2 Bg7 6. O-O d6 7. Nbd2 Nge7 8. h3 O-O 9. Nh4 e5 10. f4 exf4 11. gxf4 f5 12. c3 h6 13. Qe2 Kh7 14. Nb3 Be6 15. Be3 Qd7 16. e5 Bxb3 17. axb3 dxe5 18. Bxc5 Rfe8 19. fxe5 Bxe5 20. d4 Bg3 21. Qc4 Bxh4 22. Qf7+ Kh8 23. d5 Rf8 24. dxc6 bxc6 25. Qc4 Bf6 26. Rad1 Qc7 27. Qe6 Rae8 28. Qd7 Qg3 29. Rde1 Qg5 30. b4 Rd8 31. Qe6 Rfe8 32. Be3 f4 33. Bxf4 Qf5 34. Bxh6 Qxe6 35. Rxe6 Bg7 36. Bxg7+ Kxg7 37. Rfe1 Kf7 38. Bf1 Nd5 39. Rxe8 Rxe8 40. Rxe8 Kxe8 41. Bg2 Ne7 42. Kf2 Kd7 43. Be4 Kd6 44. Ke3 g5 45. Kd4 Ng8 46. Bf5 Nf6 47. c4 Ne8 48. c5+ Ke7 49. Ke5 Nc7 50. Be4 Na6 51. Bxc6 Nxb4 52. Be4 Na6 53. c6 Nc7 54. b4 Na6 55. b5 Nc7 56. Bd3 Ne6 57. Kf5 Kd6 58. Bc4 Nf4 59. h4 Ng2 60. Kxg5 1-0

[Event "CAN-ch U16"]
[Site "Victoria CAN"]
[Date "1997.03.11"]
[Round "5"]
[White "Ho, Andrew"]
[Black "Charbonneau, Pascal"]
[Result "1-0"]
[WhiteElo "2309"]
[BlackElo "2162"]
[PlyCount "63"]
[GameId "2160767911966352"]
[EventDate "1997.03.09"]
[EventType "tourn"]
[EventRounds "9"]
[EventCountry "CAN"]

1. d4 f5 2. g3 e6 3. Bg2 Nf6 4. c4 Be7 5. Nf3 O-O 6. O-O d6 7. b3 Qe8 8. Bb2 Bd8 9. Re1 Nc6 10. Nc3 e5 11. e4 f4 12. d5 Ne7 13. gxf4 Nh5 14. fxe5 Nf4 15. Re3 Qg6 16. Qf1 Bg4 17. Ne1 dxe5 18. f3 c6 19. Na4 b5 20. cxb5 cxb5 21. Nc5 Qg5 22. fxg4 Nh3+ 23. Rxh3 Rxf1+ 24. Kxf1 Bb6 25. Bc1 Qxg4 26. Ne6 Ng6 27. Be3 Bxe3 28. Rxe3 Qh4 29. Nf3 Qf6 30. Rc1 Re8 31. Rc7 Re7 32. Rc8+ 1-0

[Event "CAN-ch U16"]
[Site "Victoria CAN"]
[Date "1997.03.12"]
[Round "6"]
[White "Hua, Lefong"]
[Black "Charbonneau, Pascal"]
[Result "0-1"]
[WhiteElo "2308"]
[BlackElo "2162"]
[PlyCount "68"]
[GameId "2160767911966359"]
[EventDate "1997.03.09"]
[EventType "tourn"]
[EventRounds "9"]
[EventCountry "CAN"]

1. d4 e6 2. c4 f5 3. g3 Nf6 4. Bg2 Be7 5. Nf3 O-O 6. O-O d6 7. Nc3 Qe8 8. Qc2 Nc6 9. d5 Nb4 10. Qb3 Na6 11. dxe6 Nc5 12. Qc2 Bxe6 13. Nb5 Bd8 14. Nbd4 Bd7 15. b3 Nce4 16. e3 a6 17. Ba3 Rb8 18. Rad1 Kh8 19. Nd2 Nxd2 20. Rxd2 Ne4 21. Rdd1 Bg5 22. c5 Rf6 23. cxd6 cxd6 24. f4 Rc8 25. fxg5 Rxc2 26. Nxc2 Nxg5 27. Bxd6 h6 28. Bxb7 Bc6 29. h4 Nh3+ 30. Kh2 Bxb7 31. Rd2 Ng5 32. hxg5 hxg5 33. Kg1 Qe4 34. Bb8 Rh6 0-1

[Event "CAN-ch U16"]
[Site "Victoria CAN"]
[Date "1997.03.13"]
[Round "7"]
[White "Charbonneau, Pascal"]
[Black "Chin, Garrett"]
[Result "1/2-1/2"]
[WhiteElo "2162"]
[BlackElo "1999"]
[PlyCount "127"]
[GameId "2160767911966361"]
[EventDate "1997.03.09"]
[EventType "tourn"]
[EventRounds "9"]
[EventCountry "CAN"]

1. e4 e5 2. Nf3 Qe7 3. Bc4 Nf6 4. Nc3 c6 5. d3 h6 6. h3 g6 7. a4 d6 8. O-O Bg7 9. d4 O-O 10. dxe5 dxe5 11. b3 Rd8 12. Qe2 Qc7 13. Rd1 Rxd1+ 14. Qxd1 Nbd7 15. Be3 Nf8 16. Qd2 Kh7 17. Bc5 Ne8 18. Rd1 Nd7 19. Ba3 Nb6 20. Bf1 Be6 21. Ne1 Bf6 22. Nd3 Rd8 23. Qe1 Nd7 24. g3 Ng7 25. Nb1 Nf8 26. Nd2 Bc8 27. Nf3 Nge6 28. Bb2 Nd4 29. Nxd4 exd4 30. f4 c5 31. Nf2 Be7 32. Bd3 Nd7 33. Bc4 f6 34. Qe2 Nb8 35. h4 h5 36. Kg2 Nc6 37. f5 Ne5 38. Nh3 Nxc4 39. Qxc4 Bd6 40. Qd3 gxf5 41. Qf3 Kg7 42. exf5 b6 43. Qxh5 Bb7+ 44. Kf1 Bxg3 45. Qg6+ Kh8 46. Qxf6+ Kg8 47. Qg6+ Qg7 48. c3 Qxg6 49. fxg6 Bxh4 50. cxd4 Rf8+ 51. Kg1 Rf3 52. dxc5 Rg3+ 53. Kf1 Ba6+ 54. Kf2 Rd3+ 55. Ke2 Rxh3+ 56. Kd2 Rd3+ 57. Kc2 Rxd1 58. Kxd1 bxc5 59. Ba3 Bf2 60. Kc2 Kg7 61. b4 cxb4 62. Bxb4 Kxg6 63. Kc3 Kf5 64. Bf8 1/2-1/2

[Event "CAN-ch U16"]
[Site "Victoria CAN"]
[Date "1997.03.13"]
[Round "8"]
[White "Glinert, Stephen"]
[Black "Charbonneau, Pascal"]
[Result "1-0"]
[WhiteElo "2193"]
[BlackElo "2162"]
[PlyCount "47"]
[GameId "2160767911966367"]
[EventDate "1997.03.09"]
[EventType "tourn"]
[EventRounds "9"]
[EventCountry "CAN"]

1. e4 c5 2. Nc3 e6 3. g3 d5 4. exd5 exd5 5. Bg2 Nf6 6. d3 d4 7. Ne4 Nxe4 8. dxe4 Be7 9. Ne2 O-O 10. O-O Nc6 11. Nf4 b6 12. Nd5 Bb7 13. Bf4 Bd6 14. Re1 Bxf4 15. Nxf4 Ne7 16. Qd2 Qc7 17. c4 dxc3 18. Qxc3 Rad8 19. Rad1 Rxd1 20. Rxd1 Rd8 21. Rd2 Rd7 22. Nh5 f6 23. Qc4+ Kh8 24. Qf7 1-0

[Event "CAN-ch U16"]
[Site "Victoria CAN"]
[Date "1997.03.14"]
[Round "9"]
[White "Charbonneau, Pascal"]
[Black "Bertrand, Eric"]
[Result "1-0"]
[WhiteElo "2162"]
[BlackElo "1919"]
[PlyCount "89"]
[GameId "2160767911966371"]
[EventDate "1997.03.09"]
[EventType "tourn"]
[EventRounds "9"]
[EventCountry "CAN"]

1. e4 e6 2. d3 d5 3. Nd2 c5 4. Ngf3 Nc6 5. g3 Bd6 6. Bg2 Nge7 7. O-O O-O 8. Nh4 Bc7 9. f4 Ng6 10. Nxg6 fxg6 11. Re1 Ne7 12. Qe2 Re8 13. Kh1 Bd7 14. Nf3 Bc6 15. Ng5 Qd7 16. Qg4 h6 17. Qxe6+ Qxe6 18. Nxe6 Bb6 19. Bd2 Kf7 20. b4 dxe4 21. bxc5 e3 22. Rxe3 Bxg2+ 23. Kxg2 Nf5 24. Ree1 Rxe6 25. Rxe6 Kxe6 26. cxb6 axb6 27. Kf2 Kd5 28. c3 h5 29. a4 b5 30. a5 b6 31. a6 Kc5 32. Kf3 Ra7 33. h3 Ra8 34. g4 Nd6 35. Be3+ Kc6 36. Bd4 Ne8 37. Re1 Nc7 38. Re7 hxg4+ 39. hxg4 Rxa6 40. Rxg7 Ne6 41. Rxg6 Kd5 42. Ke3 Nxd4 43. Rg5+ Kd6 44. Kxd4 Ra4+ 45. c4 1-0

[Event "Quebec-ch U20"]
[Site "Montreal CAN"]
[Date "1997.03.01"]
[Round "1"]
[White "Boulay, David"]
[Black "Charbonneau, Pascal"]
[Result "0-1"]
[WhiteElo "1967"]
[BlackElo "2189"]
[PlyCount "158"]
[GameId "2160767911966409"]
[EventDate "1997.03.01"]
[EventType "tourn"]
[EventRounds "7"]
[EventCountry "CAN"]

1. e4 c5 2. Nc3 Nc6 3. Nge2 g6 4. d4 cxd4 5. Nxd4 Bg7 6. Nb3 d6 7. Be2 Nf6 8. O-O O-O 9. f4 b5 10. Bf3 Bb7 11. Kh1 a6 12. a4 b4 13. Nd5 Nxd5 14. exd5 Na5 15. Qd3 Rc8 16. Nd4 Qb6 17. Rd1 Qc5 18. Nb3 Nxb3 19. Qxb3 a5 20. c3 Ba6 21. cxb4 Qxb4 22. Qxb4 axb4 23. Rb1 b3 24. Re1 Bd3 25. Ra1 Rc7 26. Bd1 Bc4 27. Bf3 Ra8 28. a5 Rca7 29. Ra4 Rc8 30. Be3 Raa8 31. Rc1 Ba6 32. Rxc8+ Rxc8 33. Rb4 Bxb2 34. Rxb3 Bc1 35. h3 Bxe3 36. Rxe3 Kf8 37. Rb3 Rc1+ 38. Kh2 Ra1 39. Rb8+ Kg7 40. Ra8 Bd3 41. Ra7 Kf6 42. g4 h6 43. Kg3 Ra3 44. g5+ hxg5 45. fxg5+ Kxg5 46. Rxe7 Bc4 47. Rxf7 Bxd5 48. h4+ Kh6 49. Rf4 Rxa5 50. Rd4 Bxf3 51. Kxf3 Rf5+ 52. Kg4 d5 53. Ra4 Re5 54. Kg3 Re3+ 55. Kf2 Re5 56. Kg3 Kg7 57. Kf4 Kf6 58. Ra6+ Re6 59. Ra8 Re4+ 60. Kg3 Rc4 61. Rd8 Ke5 62. Re8+ Kf5 63. Rf8+ Ke4 64. Rf6 Rc1 65. Kg2 d4 66. Rxg6 d3 67. Rd6 Ke3 68. Re6+ Kf4 69. Rd6 Rc2+ 70. Kf1 Ke3 71. Re6+ Kd2 72. Kf2 Kd1+ 73. Kg3 Rc4 74. Rd6 d2 75. Kf2 Kc2 76. Ke2 Re4+ 77. Kf3 Rxh4 78. Rc6+ Kd1 79. Kf2 Rh8 0-1

[Event "Quebec-ch U20"]
[Site "Montreal CAN"]
[Date "1997.03.01"]
[Round "2"]
[White "Charbonneau, Pascal"]
[Black "Fang, Ming"]
[Result "1-0"]
[WhiteElo "2189"]
[BlackElo "1908"]
[PlyCount "77"]
[GameId "2160767911966413"]
[EventDate "1997.03.01"]
[EventType "tourn"]
[EventRounds "7"]
[EventCountry "CAN"]

1. e4 c5 2. Nf3 d6 3. Bb5+ Bd7 4. Bxd7+ Qxd7 5. c4 e5 6. Nc3 Nf6 7. d3 h6 8. O-O Nc6 9. a3 g6 10. Rb1 Bg7 11. b4 b6 12. Nd5 Nxd5 13. cxd5 Nd4 14. Nxd4 cxd4 15. Bd2 O-O 16. Qb3 b5 17. Ra1 f5 18. Rfc1 fxe4 19. dxe4 Qf7 20. f3 Rfc8 21. Rc2 Kh7 22. Rac1 Qg8 23. Rc6 Rxc6 24. Rxc6 Rc8 25. Qc2 Rd8 26. Rc7 Qe8 27. Qc1 g5 28. h4 Qg6 29. h5 Qf6 30. Rxa7 Rf8 31. Qc7 g4 32. Qd7 gxf3 33. gxf3 Rg8 34. Qf7 Qh4 35. Qg6+ Kh8 36. Kg2 Qf6 37. Bxh6 Qxg6+ 38. hxg6 Bxh6 39. Rh7# 1-0

[Event "Quebec-ch U20"]
[Site "Montreal CAN"]
[Date "1997.03.02"]
[Round "3"]
[White "Soudre, Nicolas"]
[Black "Charbonneau, Pascal"]
[Result "0-1"]
[WhiteElo "1907"]
[BlackElo "2189"]
[PlyCount "148"]
[GameId "2160767911966420"]
[EventDate "1997.03.01"]
[EventType "tourn"]
[EventRounds "7"]
[EventCountry "CAN"]

1. e4 c5 2. Nc3 b6 3. Nf3 Bb7 4. d4 e6 5. Bg5 Be7 6. h4 Nf6 7. d5 d6 8. Bb5+ Nbd7 9. Bc6 Bxc6 10. dxc6 Nb8 11. e5 dxe5 12. Nxe5 Qc7 13. Bf4 a6 14. Ng6 Qxc6 15. Nxh8 Qxg2 16. Rh2 Qb7 17. Qe2 Nc6 18. Qf3 Kf8 19. O-O-O Kg8 20. Nxf7 Kxf7 21. Ne4 Kg8 22. Nd6 Bxd6 23. Rxd6 Nd5 24. c4 Nd4 25. Qe4 Ne2+ 26. Kd2 Nexf4 27. cxd5 Rf8 28. Rxe6 Nxe6 29. Qxe6+ Qf7 30. Qxf7+ Kxf7 31. Kd3 Ke7 32. Rg2 Rf7 33. Rg5 Kd6 34. Ke3 b5 35. f4 Re7+ 36. Kd3 h6 37. Rg6+ Kxd5 38. Rxa6 c4+ 39. Kc3 Re3+ 40. Kb4 Re2 41. Kc3 Kc5 42. b4+ cxb3 43. Kxb3 Rg2 44. f5 Rf2 45. Rg6 Rxf5 46. Rxg7 Rf3+ 47. Kb2 Rf4 48. h5 Rf5 49. a4 bxa4 50. Ra7 Kb5 51. Ra8 Rxh5 52. Rb8+ Kc4 53. Rc8+ Rc5 54. Ra8 Kb4 55. Rb8+ Rb5 56. Rf8 Rc5 57. Rb8+ Kc4 58. Ka3 h5 59. Rb4+ Kd3 60. Rxa4 Ke3 61. Kb4 Rf5 62. Kc3 Rc5+ 63. Kb4 Rd5 64. Ra8 h4 65. Rh8 Rd4+ 66. Kc5 Rg4 67. Kd5 Kf3 68. Ke5 Kg3 69. Kf5 h3 70. Ra8 Rf4+ 71. Ke5 h2 72. Rg8+ Rg4 73. Rh8 Rh4 74. Rg8+ Kf3 0-1

[Event "Quebec-ch U20"]
[Site "Montreal CAN"]
[Date "1997.03.02"]
[Round "4"]
[White "Filion, Charles"]
[Black "Charbonneau, Pascal"]
[Result "1-0"]
[WhiteElo "2114"]
[BlackElo "2189"]
[PlyCount "77"]
[GameId "2160767911966422"]
[EventDate "1997.03.01"]
[EventType "tourn"]
[EventRounds "7"]
[EventCountry "CAN"]

1. Nf3 f5 2. e4 fxe4 3. Ng5 Nf6 4. d3 exd3 5. Bxd3 g6 6. h4 d5 7. h5 Bg4 8. f3 Bxh5 9. g4 Qd6 10. gxh5 Nxh5 11. Nc3 c6 12. Ne2 Bg7 13. c3 Nd7 14. Be3 Ne5 15. f4 Ng4 16. Qd2 O-O-O 17. Nf7 Qe6 18. Nxd8 Rxd8 19. Bd4 Bh6 20. O-O-O b6 21. Kb1 Rf8 22. Rdf1 Qd6 23. Rh4 Qd7 24. Rg1 Ngf6 25. Bxf6 Rxf6 26. Qd1 e6 27. Ng3 Rxf4 28. Rxf4 Nxf4 29. Rh1 Bf8 30. Qf3 Bd6 31. Ne2 Qf7 32. Nxf4 Bxf4 33. Rh4 g5 34. Rxh7 Qe8 35. Qh3 Be5 36. Qh6 g4 37. Bg6 Qd8 38. Bf5 exf5 39. Qxc6+ 1-0

[Event "Quebec-ch U20"]
[Site "Montreal CAN"]
[Date "1997.03.03"]
[Round "5"]
[White "Charbonneau, Pascal"]
[Black "Goldenberg, Danny"]
[Result "0-1"]
[WhiteElo "2189"]
[BlackElo "2105"]
[PlyCount "112"]
[GameId "2160767911966425"]
[EventDate "1997.03.01"]
[EventType "tourn"]
[EventRounds "7"]
[EventCountry "CAN"]

1. e4 c5 2. Nf3 Nc6 3. d4 cxd4 4. Nxd4 e5 5. Nb5 d6 6. c4 Be7 7. N1c3 a6 8. Na3 Be6 9. Bd3 Bg5 10. Nc2 Bxc1 11. Rxc1 Nge7 12. O-O O-O 13. b3 Ng6 14. Qd2 Nf4 15. f3 Na7 16. Rfd1 b5 17. Ne3 Qb6 18. Kh1 Rfd8 19. Ned5 Bxd5 20. exd5 h6 21. g3 Nxd3 22. Qxd3 Rac8 23. g4 bxc4 24. bxc4 Qa5 25. Rb1 Qc5 26. Rb7 Qxc4 27. Rxa7 Qxc3 28. Rxa6 Qb2 29. Re1 Rc1 30. Rxc1 Qxc1+ 31. Kg2 g6 32. Rc6 Qb2+ 33. Rc2 Qb4 34. h4 Ra8 35. Qb3 Qxb3 36. axb3 Ra5 37. Rd2 Rb5 38. Rd3 f5 39. Kg3 Kf7 40. g5 hxg5 41. hxg5 Ke7 42. Kf2 Kd7 43. Ke3 Kc7 44. Kd2 Kb6 45. Kc3 Kc5 46. Rd1 Rb4 47. Rd3 Rf4 48. Kc2 Rd4 49. Rc3+ Kxd5 50. Rc8 Rf4 51. Rg8 Rxf3 52. Rxg6 Rg3 53. Rg8 Kd4 54. g6 Rg2+ 55. Kb1 f4 56. g7 Ke3 0-1

[Event "Quebec-ch U20"]
[Site "Montreal CAN"]
[Date "1997.03.04"]
[Round "6"]
[White "Hua, Lefong"]
[Black "Charbonneau, Pascal"]
[Result "1/2-1/2"]
[WhiteElo "2188"]
[BlackElo "2189"]
[PlyCount "98"]
[GameId "2160767911966430"]
[EventDate "1997.03.01"]
[EventType "tourn"]
[EventRounds "7"]
[EventCountry "CAN"]

1. d4 e6 2. c4 f5 3. g3 Nf6 4. Bg2 Be7 5. Nc3 O-O 6. Nf3 d6 7. O-O Qe8 8. Qc2 Nc6 9. a3 Bd8 10. b3 e5 11. dxe5 dxe5 12. e4 fxe4 13. Nxe4 Qh5 14. Bb2 Bh3 15. Bxh3 Qxh3 16. Nfg5 Qh5 17. Nxf6+ gxf6 18. Ne6 Re8 19. Nxd8 Raxd8 20. Rad1 Qf3 21. Rfe1 Kg7 22. b4 h5 23. h4 Ne7 24. Rxd8 Rxd8 25. Qe2 Qxe2 26. Rxe2 Rd1+ 27. Kg2 Nf5 28. c5 Kf7 29. f3 Ke6 30. f4 Nd4 31. Bxd4 Rxd4 32. fxe5 fxe5 33. Re3 e4 34. Kf2 Ke5 35. Ke2 a5 36. bxa5 Ra4 37. Rb3 Rxa5 38. Rxb7 Rxc5 39. a4 Rc2+ 40. Kd1 Rc4 41. a5 Kd4 42. a6 Ra4 43. a7 Kd3 44. Rb3+ Kc4 45. Rb7 c5 46. Kd2 Ra3 47. Re7 Kd4 48. Rd7+ Ke5 49. Rh7 Kd4 1/2-1/2

[Event "Quebec-ch U20"]
[Site "Montreal CAN"]
[Date "1997.03.05"]
[Round "7"]
[White "Charbonneau, Pascal"]
[Black "Cormos, Eugene"]
[Result "1-0"]
[WhiteElo "2189"]
[BlackElo "2039"]
[PlyCount "73"]
[GameId "2160767911966431"]
[EventDate "1997.03.01"]
[EventType "tourn"]
[EventRounds "7"]
[EventCountry "CAN"]

1. e4 e5 2. Nf3 Nc6 3. Bc4 Bc5 4. b4 Bxb4 5. c3 Be7 6. d4 Na5 7. Nxe5 Nxc4 8. Nxc4 d5 9. exd5 Qxd5 10. Ne3 Qa5 11. O-O Nf6 12. c4 c6 13. Bb2 O-O 14. Nd2 Rd8 15. Qc2 Be6 16. Nf3 Qh5 17. Ne5 Nd7 18. f4 f6 19. f5 Nxe5 20. fxe6 Ng4 21. Nxg4 Qxg4 22. Rae1 c5 23. d5 b5 24. Re4 Qg5 25. Bc1 Qh5 26. Re3 Rab8 27. Rf5 Qg4 28. Rc3 Bd6 29. h3 Qh4 30. Be3 Qe1+ 31. Rf1 Bh2+ 32. Kxh2 Qxf1 33. e7 Re8 34. d6 bxc4 35. Qe4 Rb1 36. Rc1 Qxc1 37. d7 1-0